LEADER 00958nam a2200241 i 4500 001 991003183479707536 008 070919s2007 it 000 0 ita d 020 $a9788842214960 035 $ab13644944-39ule_inst 040 $aDip.to Studi Giuridici$bita 082 0 $a363.690 945 110 2 $aFederculture$0321750 245 13$aLa cultura per un nuovo modello di sviluppo :$bquarto rapporto annuale Federculture 2007 /$ca cura di Roberto Grossi 260 $a[Torino] :$bAllemandi & C.,$cstampa 2007 300 $a360 p. ;$c24 cm 650 4$aPatrimonio culturale$xGestione$zItalia$y2007 700 1 $aGrossi, Roberto 907 $a.b13644944$b28-01-14$c16-01-08 912 $a991003183479707536 945 $aLE027 363.69 GRO01.02$g1$i2027000172733$lle027$o-$pE20.00$q-$rl$s- $t0$u7$v5$w7$x0$y.i14687793$z06-03-08 996 $aCultura per un nuovo modello di sviluppo$91212374 997 $aUNISALENTO 998 $ale027$b16-01-08$cm$da $e-$fita$git $h3$i0 LEADER 02005nam 2200421 450 001 9910794351803321 005 20220815175457.0 010 $a1-9751-4190-3 035 $a(CKB)4100000011400372 035 $a(MiAaPQ)EBC6743402 035 $a(Au-PeEL)EBL6743402 035 $a(OCoLC)1273976964 035 $a(EXLCZ)994100000011400372 100 $a20220629d2021 uy 0 101 0 $aeng 135 $aurcnu|||||||| 181 $ctxt$2rdacontent 182 $cc$2rdamedia 183 $acr$2rdacarrier 200 10$aMedical marijuana $ea clinical handbook /$fSamoon Ahmad, Kevin P. Hill 210 1$aPhiladelphia, Pennsylvania :$cWolters Kluwer,$d[2021] 210 4$d©2021 215 $a1 online resource (xxii, 485 pages) 300 $aIncludes index. 311 $a1-9751-4189-X 327 $aIntro -- Half Title -- Title -- Copyright -- Dedication -- Foreword -- Prologue -- Prologue -- Preface -- Acknowledgments -- Contents -- 1 Cannabis: An Introduction -- 2 The History of Cannabis -- 3 The Classification of Cannabis -- 4 Constituents of Cannabis -- 5 U.S. Cannabis Regulations From Past to Present -- 6 The Endocannabinoid System -- 7 The Pharmacology of Cannabis -- 8 The Pharmacodynamics of Cannabis -- 9 Commonly Encountered Preparations -- 10 Endocrinology -- 11 Oncology -- 12 Gastroenterology -- 13 Neurology -- 14 Psychiatry -- 15 Gynecology -- 16 Rheumatology -- 17 Internal Medicine/Primary Care -- 18 Ophthalmology -- 19 Hepatology -- 20 Dermatology -- 21 Cannabis Use Disorder -- 22 Adverse Effects -- Appendix A Glossary -- Appendix B Current Regulations as of Early 2020 -- Index. 606 $aMarijuana$xTherapeutic use$zUnited States 615 0$aMarijuana$xTherapeutic use 676 $a615.32345 700 $aAhmad$b Samoon$01560983 702 $aHill$b Kevin P.$f1973- 801 0$bMiAaPQ 801 1$bMiAaPQ 801 2$bMiAaPQ 906 $aBOOK 912 $a9910794351803321 996 $aMedical marijuana$93827357 997 $aUNINA LEADER 04360oas 2201489 a 450 001 9910144569103321 005 20260224110037.0 011 $a1537-2693 035 $a(DE-599)ZDB2043957 X 035 $a(OCoLC)48036710 035 $a(CONSER) 2001212733 035 $a(CKB)954925608871 035 $a(DE-599)2043957-X 035 $a(EXLCZ)99954925608871 100 $a20010926a19969999 sy a 101 0 $aeng 135 $aurcnu|||||||| 181 $ctxt$2rdacontent 182 $cc$2rdamedia 183 $acr$2rdacarrier 200 10$aJournal of agricultural, biological, and environmental statistics 210 $aAlexandria, VA $cAmerican Statistical Association $cInternational Biometric Society$d1996- 300 $aRefereed/Peer-reviewed 300 $aTitle from title screen (JSTOR, viewed June 8, 2005). 311 08$a1085-7117 517 1 $aJABES 531 0 $aJ. agric. biol. environ. stat. 606 $aAgriculture$xStatistical methods$vPeriodicals 606 $aBiometry$vPeriodicals 606 $aEnvironmental sciences$xStatistical methods$vPeriodicals 606 $aAgriculture$xMe?thodes statistiques$vPe?riodiques 606 $aBiome?trie$vPe?riodiques 606 $aSciences de l'environnement$xMe?thodes statistiques$vPe?riodiques 606 $aAgriculture$xStatistical methods$2fast$3(OCoLC)fst00801661 606 $aBiometry$2fast$3(OCoLC)fst00832611 606 $aEnvironmental sciences$xStatistical methods$2fast$3(OCoLC)fst00913513 606 $aUmweltstatistik$2gnd 606 $aBiometrie$2gnd 606 $aLandwirtschaftsstatistik$2gnd 606 $aAgriculture$2rasuqam 606 $aBiome?trie$2rasuqam 606 $aMe?thode statistique$2rasuqam 606 $aSciences biologiques$2rasuqam 606 $aSciences de l'environnement$2rasuqam 606 $aAgricultura$2thub 606 $aBiometria$2thub 606 $aEstadística$2thub 606 $aCičncies ambientals$2thub 608 $aPeriodicals.$2fast 608 $aZeitschrift.$2gnd 608 $aOnline-Publikation.$2gnd 608 $aZeitschrift$2gnd-content 608 $aPeriodicals.$2lcgft 608 $aPe?riodique e?lectronique (Descripteur de forme)$2rasuqam 608 $aRessource Internet (Descripteur de forme)$2rasuqam 608 $aRevistes electrňniques.$2thub 615 0$aAgriculture$xStatistical methods 615 0$aBiometry 615 0$aEnvironmental sciences$xStatistical methods 615 6$aAgriculture$xMe?thodes statistiques 615 6$aBiome?trie 615 6$aSciences de l'environnement$xMe?thodes statistiques 615 7$aAgriculture$xStatistical methods. 615 7$aBiometry. 615 7$aEnvironmental sciences$xStatistical methods. 615 7$aUmweltstatistik 615 7$aBiometrie 615 7$aLandwirtschaftsstatistik 615 7$aAgriculture. 615 7$aBiome?trie. 615 7$aMe?thode statistique. 615 7$aSciences biologiques. 615 7$aSciences de l'environnement. 615 7$aAgricultura. 615 7$aBiometria. 615 7$aEstadística. 615 7$aCičncies ambientals. 676 $a630 712 02$aAmerican Statistical Association 712 02$aInternational Biometric Society 801 0$bNSD 801 1$bNSD 801 2$bOCLCQ 801 2$bEYM 801 2$bOCL 801 2$bUQ1 801 2$bEEM 801 2$bOCLCQ 801 2$bUKMGB 801 2$bOCLCQ 801 2$bGBVCP 801 2$bOCLCQ 801 2$bOCLCO 801 2$bOCLCF 801 2$bOCLCO 801 2$bOCLCQ 801 2$bDEBBG 801 2$bGWDNB 801 2$bOCLCA 801 2$bGILDS 801 2$bOCLCO 801 2$bCUD 801 2$bNTG 801 2$bAU@ 801 2$bTKN 801 2$bVT2 801 2$bDLC 801 2$bUEJ 801 2$bOCLCQ 801 2$bOCLCO 801 2$bOCLCQ 801 2$bIOY 801 2$bSXB 801 2$bOCLCA 801 2$bOCLCL 801 2$bOCLCQ 801 2$bOCLCA 801 2$bOCLCL 801 2$bYOU 801 2$bJ9U 801 2$bCNTRU 801 2$bS2H 801 2$bOCLCQ 906 $aJOURNAL 912 $a9910144569103321 996 $aJournal of agricultural, biological, and environmental statistics$9794033 997 $aUNINA